Score 0/20 Timer 03:00
0 Plays Today
Hint Answer % Correct
Mud is not one of the 4 _____ groupsFood
91.5%
Rudolph’s _____ nose is not alcohol-relatedRed
83.8%
I am not a lean _____ spitting machineMean
81.8%
I do not have _____ of attorney over first gradersPower
80.2%
I will not grease the _____ barsMonkey
77.1%
The _____ Amendment does not cover burpingFirst
76.3%
All work and no play makes Bart a _____ boyDull
72.6%
I will not make flatulent _____ in classNoises
72.5%
I will not call my _____ 'Hot Cakes'Teacher
69.3%
There was no _____ god named 'Fartacus'Roman
67.3%
Hint Answer % Correct
I will not _____ the National AnthemBelch
64.1%
My homework was not _____ by a one-armed manStolen
62.5%
I will not yell “She’s _____” during roll callDead
43.2%
I do not have _____ immunityDiplomatic
42.4%
I will not _____ miracle curesSell
41.2%
I am not authorized to fire _____ teachersSubstitute
26.7%
I will not charge _____ to the bathroomAdmission
23.9%
I will never win an _____Emmy
19.5%
Indian burns are not our _____ heritageCultural
16.6%
I will not expose the _____ of the facultyIgnorance
6.8%

Today's Daily Dose

Remove Ads.
Support Sporcle.
Get the best of Sporcle when you Go Orange. This ad-free experience offers more features, more stats, and more fun while also helping to support Sporcle. Thank you for becoming a member.

You're not logged in!

Compare scores with friends on all Sporcle quizzes.
OR
Log In

Show Comments

Extras

Top Quizzes Today


Score Distribution

Your Account Isn't Verified!

In order to create a playlist on Sporcle, you need to verify the email address you used during registration. Go to your Sporcle Settings to finish the process.

Report this User

Report this user for behavior that violates our Community Guidelines.

Details: